|
|
|
|
| LEADER |
01301nam a22003732i 4500 |
| 001 |
001481478 |
| 003 |
CZ BrMZK |
| 005 |
20180816151827.0 |
| 007 |
ta |
| 008 |
150729s1951 xr a er|||||||||||cze d |
| 015 |
|
|
|a cnb000402478
|
| 035 |
|
|
|a (OCoLC)85172954
|
| 040 |
|
|
|a ABA001
|b cze
|c BOA001
|d ABA001
|d ABA009
|d BOA001
|e rda
|
| 072 |
|
7 |
|a 636
|x Chov zvířat. Živočišná výroba
|2 Konspekt
|9 24
|
| 080 |
|
|
|a 636
|2 MRF
|
| 080 |
|
|
|a 636.4
|2 MRF
|
| 100 |
1 |
|
|a Kučera, František
|7 jx20040607009
|4 aut
|
| 245 |
1 |
0 |
|a Výkrm prasat v JZD /
|c František Kučera
|
| 250 |
|
|
|a 1. vydání
|
| 264 |
|
1 |
|a Praha :
|b Brázda,
|c 1951
|
| 300 |
|
|
|a 53 stran :
|b ilustrace ;
|c 8°
|
| 336 |
|
|
|a text
|b txt
|2 rdacontent
|
| 337 |
|
|
|a bez média
|b n
|2 rdamedia
|
| 338 |
|
|
|a svazek
|b nc
|2 rdacarrier
|
| 490 |
1 |
|
|a Za vysoké výnosy, za vysokou užitkovost ;
|v svazek 59
|
| 500 |
|
|
|a 15750 výtisků
|
| 650 |
0 |
7 |
|a krmení hospodářských zvířat
|7 ph134862
|2 czenas
|
| 650 |
0 |
7 |
|a krmiva
|7 ph115017
|2 czenas
|
| 650 |
0 |
7 |
|a ustájení hospodářských zvířat
|7 ph135093
|2 czenas
|
| 830 |
|
0 |
|a Za vysoké výnosy, za vysokou užitkovost (Brázda)
|0 s
|
| 910 |
|
|
|a BOA001
|b 2-0280.353
|
| 990 |
|
|
|a BK
|
| 991 |
|
|
|b 201507
|
| 996 |
6 |
|
|b 2618873538
|c 2-0280.353
|l MZK
|r Sklad / do 24 hodin
|n 0
|w 001516591
|u 000010
|a 1
|e BOA001
|j MZK50
|s P
|